000 00381cam a22001097a 4500
008 180718b1974 xxu||||| |||| 00| 0 eng d
082 _aK8501x42 Un3p
245 _aPrinicipal civil service pension scheme
_cby Civil Service Department, United Nations
260 _aLondon
_bHer Majesty's Stationery Office
_c1974
300 _a139+p.
700 _aUnited Nations.Civil Service Department
999 _c500175
_d500175